000 00977nam a22002297a 4500
001 BD-DhSAU 1526
003 BD-DhSAU
005 20150118101448.0
008 150118b1987 ||||r|||| 000 0 d
040 _aBD-DhSAU
082 _222
_a৫৯৫.৭
_bচট্টোকী
100 _aচট্টোপাধ্যায়, পুণ্যব্রত
245 _aকীটতত্ত্ব, কীটদমন ও শস্য সংরক্ষণ /
_cপুণ্যব্রত চট্টোপাধ্যায়
260 _aপশ্চিমবঙ্গ :
_bপশ্চিমবঙ্গ রাজ্য পুস্তক পর্ষদ ;
_c১৯৮৭.
300 _axviii, ৩০৪ পৃ. :
_b২১ সেমি।
590 _ajoy
650 _aপতঙ্গবিজ্ঞান।
650 _aশস্য সংরক্ষণ।
650 _aEntomology.
650 _aকীট দমন।
650 _aকীটতত্ত।
942 _2ddc
_cBOOK
999 _c1526
_d1526